Nagy Imre, a földosztó miniszter
Elmentve itt :
| Szerző: | |
|---|---|
| További közreműködők: | |
| Dokumentumtípus: | Szakdolgozat |
| Megjelent: |
2006
|
| Tárgyszavak: | |
| Online Access: | http://diploma.bibl.u-szeged.hu/124909 |
| LEADER | 00604nta a2200181 i 4500 | ||
|---|---|---|---|
| 001 | dipl124909 | ||
| 005 | 20220427105222.0 | ||
| 008 | 220427s2006 hu om 0|| zxx d | ||
| 040 | |a SZTE Diploma Repozitórium |b hun | ||
| 041 | |a zxx | ||
| 100 | 1 | |a Ferenczi Gábor | |
| 245 | 1 | 0 | |a Nagy Imre, a földosztó miniszter |h [elektronikus dokumentum] / |c Gábor Ferenczi |
| 260 | |c 2006 | ||
| 650 | 4 | |a Bölcsészettudományok | |
| 650 | 4 | |a Humanities | |
| 650 | 4 | |a History and archaeology | |
| 700 | 1 | |a Sipos József |e ths | |
| 856 | 4 | 0 | |u http://diploma.bibl.u-szeged.hu/id/eprint/124909/1/2006_ferenczi_gabor.pdf |z Dokumentum-elérés |